=LDR 00000nam 2200000 4500 =001 INLIS000000000021148 =005 20130612120031 =008 ***********************************Ind** =035 ##$$0010-061300000021148 =041 ##$$a Ind =082 ##$$a F Rom D =090 ##$$a F Rom D, Maa w =245 ##$$a Wahai remaja bercintalah =260 ##$$a [S.a] $b [S.l] =300 ##$$a 176 hlm, 21 cm =650 ##$$a Fiksi dewasa =850 ##$$a NBPNMAT